| 000 | 005940000a22001810004500 | ||
|---|---|---|---|
| 003 | MACL | ||
| 005 | 20160331132015.0 | ||
| 008 | 160331b xxu||||| |||| 00| 0 eng d | ||
| 040 |
_aMACL _cMACL |
||
| 041 | _aHindi | ||
| 082 | _a300 | ||
| 100 |
_aसिंह नागेन्द्र कुमार _949254 |
||
| 245 | _aधर्म, संस्कृति और पर्यावरण | ||
| 260 |
_bवैभव साहित्य सदन _c2004 _aनई दिल्ली |
||
| 350 | _a180 | ||
| 650 |
_aCulture & Instution _949255 |
||
| 942 |
_cHIN _k300 _2ddc |
||
| 999 |
_c17731 _d17731 |
||